000 00452nam a2200181Ia 4500
005 20250317131656.0
008 008 250317s9999 xx 000 0 eng d
037 _aTextbook
040 _aFMSL
_beng
_cFMSL
041 _aeng
_2eng
084 _aX:8D P4;4
_qFMSL
100 _aPandey I M
245 0 _aFicial management
260 _aDelhi
_bDelhi, Vikas
_c2005
300 _a1225p
942 _cTB
999 _c1269159
_d1269159